000 00511nam a22001937a 4500
003 OSt
005 20180116182952.0
008 131204b xxu||||| |||| 00| 0 eng d
020 _a9788131714140
040 _a0
_c0
082 _27th Ed.
_a659.1 WEL 2006
100 _aWillian D. Wells
245 _aAdvertising Principles and Practice
_cWillian D. Wells
250 _a7th Ed.
260 _aIndia
_bPearson
_c2006
300 _a592p
_bPB
440 _aAdvertising Principles and Practice
942 _2ddc
_cBK
999 _c349536
_d349536